00318nam a2200133Ia 4500008004100000041000800041082001500049100001600064245003100080260003300111300000800144365001600152700001600168230718s9999 xx 000 0 und d aeng a158.1bNEW aNewberry T. aSuccess Is Not An Accident c2008bJaico Publishing House a232 cRs.b295.00 aNewberry T.